00416 2200169 4500001002100000008004100021035002000062245002300082100001500105260003700120300002000157020002200177084001400199082000800213650001000221990001500231INLIS000000000003252 ind  a0010-1225000073 aSendiricTere Liye aLiye, Tere aDepok :bPT Sabak Grip Nusantara a318c13,5x20 cm a978-623-8882-28-1 a813 LIY s a813 aFiksi a19727/B/26